000 00413nam a22001577a 4500
003 CEME
005 20210628210514.0
008 210208b xxu||||| |||| 00| 0 eng d
040 _c.
082 _a621.3815 CMO
100 _aMotorola
_966183
245 _aCmos application specific standard ics
260 _aUSA
_bMOTOROLA CORPORATION
_c1990
650 _aDATA BOOK-CMOS STANDARD ICS
_979678
942 _cBK
_2ddc
999 _c584687
_d584687